Catálogo público

Estudio cinético esporulación de Beauveria bassiana en maíz molido utilizando un sistema de cultivo semi sólido / (Record no. 171052)

MARC details
000 -CABECERA
campo de control de longitud fija 03764nam a2200409 a 4500
001 - NÚMERO DE CONTROL
campo de control dia_500
003 - IDENTIFICADOR DEL NÚMERO DE CONTROL
campo de control CHAP
005 - FECHA Y HORA DE LA ÚLTIMA TRANSACCIÓN
campo de control 20250821133517.0
007 - CAMPO FIJO DE DESCRIPCIÓN FÍSICA--INFORMACIÓN GENERAL
campo de control de longitud fija ta
008 - DATOS DE LONGITUD FIJA--INFORMACIÓN GENERAL
campo de control de longitud fija 220117s1998 mx ad frm 001 0 spa d
010 ## - NÚMERO DE CONTROL DE LA BIBLIOTECA DEL CONGRESO
Número de control de LC 171052
040 ## - FUENTE DE LA CATALOGACIÓN
Centro catalogador/agencia de origen mxchpua
Centro/agencia transcriptor CHAP
041 0# - CÓDIGO DE LENGUA
Código de lengua del texto/banda sonora o título independiente spa
Código de lengua del sumario o resumen eng
090 ## - LOCALMENTE ASIGNADO TIPO-LC NÚMERO DE CLASIFICACIÓN (OCLC); NÚMERO DE CLASIFICACIÓN LOCAL (RLIN)
Número de clasificación (OCLC) (R) ; Numero de clasificación, CALL (RLIN) (NR) Tesis
Número cutter local (OCLC) ; Número de libro/Signatura topográfica íntegra, CALL (RLIN) F56
año 1998
100 1# - ENTRADA PRINCIPAL--NOMBRE DE PERSONA
Nombre de persona Flores Pérez, Guadalupe
240 10 - TÍTULO UNIFORME
Título uniforme Spores production of Beauveria bassiana in semi-solid culture.
Lenguaje de la obra Español
245 10 - MENCIÓN DE TÍTULO
Título Estudio cinético esporulación de Beauveria bassiana en maíz molido utilizando un sistema de cultivo semi sólido /
264 ## - PRODUCCIÓN, PUBLICACIÓN, DISTRIBUCIÓN, FABRICACIÓN Y COPYRIGHT
Producción, publicación, distribución, fabricación y copyright Chapingo, México :
Nombre del de productor, editor, distribuidor, fabricante El autor,
Fecha de producción, publicación, distribución, fabricación o copyright 1998
300 ## - DESCRIPCIÓN FÍSICA
Extensión ix, 79 hojas :
Otras características físicas ilustraciones, tablas, gráficas
336 ## - TIPO DE CONTENIDO
Fuente rdacontent
Término de tipo de contenido texto
Código de tipo de contenido txt
337 ## - TIPO DE MEDIO
Fuente rdamedia
Nombre/término del tipo de medio no mediado
Código del tipo de medio n
338 ## - TIPO DE SOPORTE
Fuente rdacarrier
Nombre/término del tipo de soporte volumen
Código del tipo de soporte nc
502 ## - NOTA DE TESIS
Nota de tesis Tesis
Tipo de título (Ingeniero Agroindustrial) --
Nombre de la institución que otorga el título UACh. Departamento de Ingeniería Agroindustrial,
Año de obtención del título 1998
504 ## - NOTA DE BIBLIOGRAFÍA, ETC.
Nota de bibliografía, etc. Bibliografía: hojas 64-79
520 3# - SUMARIO, ETC.
Sumario, etc. Beauveria bassiana es un hongo entomopatógeno que se ha utilizado para el control de un amplio espectro de insectos plaga. La propagación masiva de este hongo se realiza actualmente en sistemas sólidos de fermentación a base de cereales, principalmente arroz, y la propagación en cultivo semi-sólido es vista como una alternativa de producción. Se aplicó un método de cultivo semi-sólido (bajo condiciones controladas de temperatura 28C y pH 5.5), para evaluar el efecto de tres concentraciones de sustrato(5%, 3% y 1%) y tres relaciones de bagazo:agua (1:5, 1:3 y 1:1), para conocer el comportamiento de la producción de esporas y del rendimiento del hongo Beauveria bassiana. Se evaluaron 9 tratamientos combinando concentración de sustrato y agua, las concentraciones de sustrato (maiz molido) y agua que presentaron mejor respuesta en parámetros de producción y rendimiento fueron 5% con 1:5; 3% con 1:5 y 5% con 1:3 con resultados similares (4.415X10°,3.47X10' y 4.41X10° esporas totales). El efecto de la concentración de sustrato se observó en los tratamientos 5%, 3% y 5%, los cuales fucron los mejores. El efecto de la concentración de agua se observ6 en los tratamientos 1:5 y 1:3, que resultaron ser los mejores.
520 3# - SUMARIO, ETC.
Sumario, etc. Beauveria bassiana is an entomopathogen fungus that has been used for controling a wide spectre of insects. At present the masive propagation of this fungus carries out in solid sistems of fermentation based on cereals, principally rice, and the propagation in semi-solid culture is shown as an alternative of production. A method of semi-solid culture was applied (under controlled conditions of temperature 289℃ and pHl 5.5), in order to evaluate the effect of three concentrations of sustrate (5%, 3% and 1%), and three relationships of trash: water (1: 5, 1: 3 and 1: 1), in order to know the behavior of the production of spores and the yield of the fungus Beauveria bassiana. Nine treatments were evaluated to combine sustrate cincentration and water, the concentrations of sustrate (milled com) and humidity that presented a better answer in parameters of production and yield were 5%, 1:5; 3%, 1:5 y 5%, 1:3 with similar results(4.415X10',3.47X10² and 4.41X10² total spores). The effect of the concentration of sustrate was shown in the treatments 5% y<br/>3% which were of the best.
650 13 - PUNTO DE ACCESO ADICIONAL DE MATERIA--TÉRMINO DE MATERIA
Término de materia o nombre geográfico como elemento de entrada Beauveria bassiana
Fuente del encabezamiento o término atg
650 13 - PUNTO DE ACCESO ADICIONAL DE MATERIA--TÉRMINO DE MATERIA
Término de materia o nombre geográfico como elemento de entrada Maíz
Fuente del encabezamiento o término atg
650 13 - PUNTO DE ACCESO ADICIONAL DE MATERIA--TÉRMINO DE MATERIA
Término de materia o nombre geográfico como elemento de entrada Corn
Fuente del encabezamiento o término atg
700 1# - PUNTO DE ACCESO ADICIONAL--NOMBRE DE PERSONA
Nombre de persona Gómez Cruz, Adalberto
Término indicativo de función/relación director
700 1# - PUNTO DE ACCESO ADICIONAL--NOMBRE DE PERSONA
Nombre de persona Corona Sáez, Tomás María
Término indicativo de función/relación asesor
700 1# - PUNTO DE ACCESO ADICIONAL--NOMBRE DE PERSONA
Nombre de persona Martínez Romero, Salvador
Término indicativo de función/relación asesor
901 ## - ELEMENTOS DE DATOS A LOCAL LDA (RLIN)
a TESIS F56 1998
942 ## - ELEMENTOS DE PUNTO DE ACCESO ADICIONAL (KOHA)
Tipo de ítem Koha TESIS
Fuente del sistema de clasificación o colocación Clasificación Universidad Autónoma Chapingo
902 ## - ELEMENTOS DE DATOS B LOCAL, LDB (RLIN)
a M
905 ## - ELEMENTOS DE DATOS E LOCAL, LDE (RLIN)
a 0000001998 mx A 0000000000spa00
Holdings
Estado de retiro Estado de pérdida Fuente del sistema de clasificación o colocación Estado dañado Restricciones de uso No para préstamo Código de colección Localización permanente Ubicación/localización actual Fecha de adquisición Fuente de adquisición Total de préstamos Signatura topográfica completa Código de barras Fecha visto por última vez Número de copia Precio válido a partir de Tipo de ítem Koha
    Clasificación Universidad Autónoma de Chapingo   Préstamo interno   Tesis Ingenieria Agroindustrial Ingenieria Agroindustrial 18/01/2022 El autor   Tesis F56 1998 1101011299 02/02/2026 Ej.2 18/01/2022 Tesis
    Clasificación Universidad Autónoma de Chapingo   Préstamo 5 días   Tesis Ingenieria Agroindustrial Ingenieria Agroindustrial 18/01/2022 El autor   Tesis F56 1998 1101015854 02/02/2026 Ej.2 18/01/2022 Tesis